Reprezentacje które nigdy nie awansowały na mistrzostwa europy - Statystyki

Ogólne statystyki
  • Ten quiz został rozwiązany 164 razy
  • Średni wynik to 14 z 19
Statystyki odpowiedzi
Reprezentacja % Poprawnych
San Marino
93%
Liechtenstein
92%
Litwa
92%
Luksemburg
91%
Andora
89%
Estonia
87%
Białoruś
85%
Kosowo
78%
Malta
76%
Mołdawia
76%
Czarnogóra
74%
Armenia
71%
Cypr
70%
Azerbejdżan
68%
Gibraltar
68%
Bośnia i hercegowina
66%
Kazachstan
58%
Wyspy Owcze
58%
Izrael
53%
Nie znaleziono quizów pasujących do podanych kryteriów
Rozkład punktacji
Procent ludzi z każdym wynikiem
Percentyl według liczby udzielonych odpowiedzi
Twoja historia wyników
Nie rozwiązałeś tego quizu